000 00433nam a22001697a 4500
005 20230415112558.0
008 230414b |||||||| |||| 00| 0 eng d
020 _a0-78527073-6
041 _aeng
082 _a615 COO-K
100 _aCOOPER, DR. KENNETH H.
_97803
245 _a ADVANCED NUTRITIONAL THERAPIES
260 _bTHOMAS NELSON PUBLISHERS
300 _a371;P.
650 _aPHARMACY
_xB. PHARMA
_97804
942 _cBK
999 _c8298
_d8296